Science Quiz

Random Science or Animal Quiz

Zoological Geography Quiz Stats

 Plays Quiz Updated Dec 29, 2018

Support Sporcle.
Go Orange.
Score 0/24 Timer 06:00
14 Plays Today
% Correct
India, Thailand, etc.
98.3%
Canada, UK, Ireland, etc.
87.8%
USA, Canada, etc
85.4%
S. Africa, Zambia, etc.
84%
Australia
79.3%
Panama, Brazil, etc.
76.7%
France, Austria, etc.
76%
Kenya, Ethiopia, etc.
72.4%
Peru, Bolivia, etc.
70.3%
USA, Canada
70.3%
Iran, India, etc.
68.8%
China, India, etc.
67.1%
% Correct
DRC, Uganda, Rwanda
66.1%
Madagascar
60.8%
Indonesia
58.4%
USA, Mexico, Canada
58.2%
Chile, Peru, etc.
57.7%
Angola, Namibia, etc.
56.9%
Sudan, Tunisia, etc.
54.7%
Australia, Indonesia, etc.
44.4%
New Zealand
42.3%
Peru, Colombia, etc.
35.7%
Russia, Mongolia, etc.
35.2%
Brazil
30.9%

From the Vault

Weather Terms

by popestcyril

Science 7m
Did you hear of the story about the tornado? There's a twist at the end.
Remove Ads.
Support Sporcle.
Get the best of Sporcle when you Go Orange. This ad-free experience offers more features, more stats, and more fun while also helping to support Sporcle. Thank you for becoming a member.

Show Comments

Extras

Top Quizzes Today


Score Distribution

Your Account Isn't Verified!

In order to create a playlist on Sporcle, you need to verify the email address you used during registration. Go to your Sporcle Settings to finish the process.

Report this User

Report this user for behavior that violates our Community Guidelines.

Details: